Ríos por ciudades - Statistics

General Stats
  • This quiz has been taken 18 times
  • The average score is 14 of 20
Answer Stats
Ciudades Río % Correct
Viena, Budapest, Belgrado Danubio
93%
Minneapolis, Memphis, Nueva Orleans Misisipi
93%
El Cairo, Jartum, Yuba Nilo
93%
Albany, Nueva York, Nueva Jersey Hudson
87%
Basilea, Düsseldorf, Róterdam Rin
87%
Albuquerque, El Paso, Ciudad Juárez Rio Bravo
87%
Buenos Aires, San Fernando, Montevideo Río de la Plata
80%
Nizhni Novgorod, Samara, Volgogrado Volga
80%
Allahabad, Kanpur, Calcuta Ganges
73%
Vientián, Nong Khai, Nom Pen Mekong
73%
Omaha, Kansas City, San Luis Misuri
67%
Oxford, Reading, Londres Támesis
67%
Chongqing, Wuhan, Shanghái Yangtsé
67%
Brazzaville, Kinsasa, Mbandaka Congo
60%
Bamako, Tombuctú, Niamey Níger
60%
Louisville, Cincinnati, Pittsburgh Ohio
60%
Tulsa, Wichita, Little Rock Arkansas
53%
Grand Junction, Lake Havasu City, Yuma Colorado
53%
Massena, Montreal, Ciudad de Quebec San Lorenzo
53%
Ginebra, Lyon, Aviñón Ródano
40%
No matching quizzes found
Score Distribution
Percent of People with Each Score
Percentile by Number Answered
Your Score History
You have not taken this quiz